|
|
|
|
| LEADER |
00000nam a22000007a 4500 |
| 005 |
20110901142627.0 |
| 008 |
110901t2010 ck ||||s|||| 00| 0 spa d |
| 020 |
|
|
|a 978-958-8348-95-7
|
| 035 |
|
|
|a 5576
|
| 040 |
|
|
|a vLex
|
| 090 |
|
|
|c 2339
|d 2339
|
| 100 |
1 |
|
|a Ospina Montoya, Norberto
|
| 245 |
1 |
0 |
|a Administracin̤ - Fundamentos
|b Cm̤o iniciarse en el estudio de la administracin̤ /
|c Norberto Ospina Montoya
|h [Recurso electrn̤ico] :
|
| 256 |
|
|
|a Servico en ln̕ea.
|
| 260 |
|
|
|a Bogot ̀:
|b Ediciones de la U,
|c 2011.
|
| 500 |
|
|
|a Este texto ha sido pensado para estudiantes de los programas de Administracin̤ de Empresas, Administracin̤ Turs̕tica, Negocios Internacionales, Economa̕, Contadura̕ Pb︢lica y Mercadeo, y para lectores interesados en el aprendizaje y conocimiento del lenguaje administrativo, y en la adquisicin̤ de las competencias, conocimientos, habilidades, tčnicas, herramientas, conceptos, estrategias y teora̕s que ayudan a entender el funcionamiento complejo de las organizaciones empresariales.
|
| 506 |
1 |
|
|a Contenido solo disponible en los productos indicados
|d vLex Global
|d vLex Global (Academic Edition, excluding Law Schools)
|d vLex Global (U.S. Academic Edition, Law Schools)
|d vLex Global (U.S. Academic Edition, excluding Law Schools)
|d vLex Global (Academic Edition, Law Schools)
|
| 650 |
0 |
4 |
|a Administracin̤
|z Colombia
|
| 740 |
0 |
|
|a vLex Libros (Servicio en ln̕ea)
|
| 856 |
4 |
0 |
|u http://vlex.com/source/administracion-fundamentos-5576
|z Acceso restringido
|
| 942 |
|
|
|c BOOK
|